[Event "male"]
[Site "?"]
[Date "2016.02.12"]
[Round "1.8"]
[White "Kuznetsov, Felix"]
[Black "Askerov, Marat"]
[Result "0-1"]
[LiveChessVersion "1.4.2"]
[BlackElo "2281"]
[WhiteElo "2099"]

1. e4 {[%clk 1:30:34]} c6 {[%clk 1:30:55]} 2. d4 {[%clk 1:30:56]} d5
{[%clk 1:31:21]} 3. e5 {[%clk 1:31:06]} Bf5 {[%clk 1:31:46]} 4. c3
{[%clk 1:31:24]} e6 {[%clk 1:31:35]} 5. Be3 {[%clk 1:31:47]} Ne7 {[%clk 1:27:41]}
6. Nd2 {[%clk 1:32:08]} Bg6 {[%clk 1:26:36]} 7. f4 {[%clk 1:32:09]} Nd7
{[%clk 1:25:41]} 8. Ngf3 {[%clk 1:32:19]} c5 {[%clk 1:24:24]} 9. Be2
{[%clk 1:29:17]} Qb6 {[%clk 1:21:12]} 10. b3 {[%clk 1:24:12]} Qa5
{[%clk 1:07:49]} 11. dxc5 {[%clk 1:13:37]} Qxc3 {[%clk 0:51:46]} 12. Bd4
{[%clk 1:13:23]} Qc2 {[%clk 0:50:45]} 13. Qxc2 {[%clk 0:48:38]} Bxc2
{[%clk 0:51:12]} 14. Rc1 {[%clk 0:47:57]} Bg6 {[%clk 0:41:06]} 15. Bb5
{[%clk 0:46:03]} Nc6 {[%clk 0:36:51]} 16. a3 {[%clk 0:40:11]} a5 {[%clk 0:31:38]}
17. Bf2 {[%clk 0:33:11]} Kd8 {[%clk 0:24:57]} 18. O-O {[%clk 0:31:10]} Kc7
{[%clk 0:24:33]} 19. g4 {[%clk 0:27:10]} Be7 {[%clk 0:22:25]} 20. Kg2
{[%clk 0:24:40]} h5 {[%clk 0:22:38]} 21. h3 {[%clk 0:24:11]} hxg4
{[%clk 0:19:58]} 22. hxg4 {[%clk 0:24:29]} Na7 {[%clk 0:18:19]} 23. Nd4
{[%clk 0:18:06]} Nc6 {[%clk 0:16:34]} 24. Ba4 {[%clk 0:09:59]} Bd3
{[%clk 0:13:36]} 25. Nb5+ {[%clk 0:07:31]} Bxb5 {[%clk 0:13:42]} 26. Bxb5
{[%clk 0:08:00]} Rh7 {[%clk 0:09:11]} 27. Nf3 {[%clk 0:06:30]} Rah8
{[%clk 0:08:41]} 28. Bd3 {[%clk 0:04:57]} Rh3 {[%clk 0:07:20]} 29. Rfe1
{[%clk 0:04:09]} g6 {[%clk 0:04:41]} 30. g5 {[%clk 0:03:40]} R3h7
{[%clk 0:04:29]} 31. Re2 {[%clk 0:03:51]} Rc8 {[%clk 0:03:30]} 32. Rb2
{[%clk 0:03:57]} Ra8 {[%clk 0:03:02]} 33. b4 {[%clk 0:03:59]} axb4
{[%clk 0:03:26]} 34. axb4 {[%clk 0:04:28]} Ra3 {[%clk 0:03:31]} 35. Be2
{[%clk 0:04:20]} Rh8 {[%clk 0:03:03]} 36. b5 {[%clk 0:02:21]} Na5
{[%clk 0:02:56]} 37. c6 {[%clk 0:02:25]} Nb6 {[%clk 0:01:25]} 38. Nd4
{[%clk 0:01:23]} Nbc4 {[%clk 0:01:17]} 39. b6+ {[%clk 0:00:47]} Kc8
{[%clk 0:00:48]} 40. Nb5 {[%clk 0:30:39]} bxc6 {[%clk 0:30:40]} 41. Bxc4
{[%clk 0:28:35]} dxc4 {[%clk 0:23:16]} 42. Nxa3 {[%clk 0:26:42]} Bxa3
{[%clk 0:23:44]} 43. Ra2 {[%clk 0:23:21]} Bxc1 {[%clk 0:24:03]} 44. Rxa5
{[%clk 0:23:50]} Kb8 {[%clk 0:19:39]} 45. Kf3 {[%clk 0:13:31]} Rh3+
{[%clk 0:14:28]} 46. Ke4 {[%clk 0:13:51]} c3 {[%clk 0:14:12]} 47. Ra4
{[%clk 0:08:21]} Rh2 {[%clk 0:05:26]} 48. Bc5 {[%clk 0:01:20]} Rb2
{[%clk 0:01:04]} 49. Rd4 {[%clk 0:00:39]} Re2+ {[%clk 0:00:51]} 50. Kd3
{[%clk 0:00:42]} Rd2+ {[%clk 0:01:14]} 51. Kxc3 {[%clk 0:00:58]} Rxd4
{[%clk 0:01:38]} 52. Kxd4 {[%clk 0:01:03]} Bxf4 {[%clk 0:02:03]} 53. Be7
{[%clk 0:01:16]} Kb7 {[%clk 0:02:28]} 54. Bd8 {[%clk 0:00:57]} Bg3
{[%clk 0:02:42]} 55. Bc7 {[%clk 0:00:42]} Bf2+ {[%clk 0:03:08]} 56. Kc4
{[%clk 0:01:01]} Bxb6 {[%clk 0:03:33]} 57. Bd6 {[%clk 0:01:22]} Bd8
{[%clk 0:03:58]} 58. Kc5 {[%clk 0:01:01]} Bxg5 {[%clk 0:04:22]} 59. Bf8
{[%clk 0:01:23]} Be3+ {[%clk 0:04:31]} 60. Kd6 {[%clk 0:01:44]} g5
{[%clk 0:03:41]} 0-1